[Event "AUTO-INT-3260"]
[Site "http://www.queenalice.com/game.php?id=1484603"]
[Date "2017.7.2"]
[Round "1"]
[White "NickThorp"]
[Black "MONTENEGRO"]
[Result "0-1"]
[WhiteElo "1715"]
[BlackElo "1593"]

1. e4 c5 2. Nf3 Nc6 3. Bc4 e6 4. d3 g6 5. Bg5 Be7 6. Bxe7 Ngxe7 7. Nc3 a6 8. O-O
b5 9. Nxb5 axb5 10. Bxb5 O-O 11. Ng5 Nd4 12. Bc4 Nec6 13. a3 Nxc2 14. Qxc2 Qxg5
15. Qc3 Nd4 16. Rfe1 Nf3+ 17. Kf1 Nxh2+ 18. Ke2 Qg4+ 19. Kd2 Qxg2 20. Re2 Qg5+
21. Kc2 Nf3 22. Re3 Nd4+ 23. Kd2 d5 24. exd5 Nf3+ 25. Ke2 Nd4+ 26. Kf1 e5 27.
Rg3 Qh5 28. Qd2 Qh1+ 29. Rg1 Bh3+ 30. Ke1 Qxg1# 0-1

[Event "AUTO-INT-3260"]
[Site "http://www.queenalice.com/game.php?id=1484604"]
[Date "2017.7.2"]
[Round "1"]
[White "MONTENEGRO"]
[Black "NickThorp"]
[Result "1-0"]
[WhiteElo "1633"]
[BlackElo "1653"]

1. e4 e5 2. Nf3 Nc6 3. Bb5 a6 4. Bxc6 dxc6 5. Nc3 Bg4 6. h3 Bh5 7. d3 Bb4 8. Bd2
Nf6 9. Qe2 Qd4 10. g4 Bg6 11. Nxd4 exd4 12. Nb1 Bc5 13. Bf4 O-O-O 14. Nd2 h6 15.
O-O-O Bd6 16. Bxd6 Rxd6 17. Qf3 Re6 18. Qg3 Rd8 19. f4 Bh7 20. f5 Ree8 21. Nc4
c5 22. Rde1 g6 23. e5 Nd5 24. f6 b5 25. Na5 Ne3 26. Nc6 Rd7 27. Ne7+ Kb7 28.
Qf3+ c6 29. Qxc6+ Kb8 30. Qxa6 Rb7 31. Nc6+ Kc7 32. Ne7 g5 33. Qd6# 1-0

[Event "AUTO-INT-3260"]
[Site "http://www.queenalice.com/game.php?id=1484617"]
[Date "2017.7.2"]
[Round "1"]
[White "Vilnius"]
[Black "MONTENEGRO"]
[Result "0-1"]
[WhiteElo "1859"]
[BlackElo "1610"]

1. e4 c5 2. Nc3 e5 3. Nf3 Nc6 4. Bb5 d6 5. h3 Nf6 6. Bxc6+ bxc6 7. d3 Be7 8. b3
O-O 9. Bb2 Ba6 10. Qd2 Qd7 11. O-O Bd8 12. a3 Bc7 13. Rfe1 Rfe8 14. Ne2 d5 15.
exd5 cxd5 16. Ng3 d4 17. Qg5 h6 18. Qd2 Bb7 19. Ne4 Nxe4 20. dxe4 f5 21. exf5
Bxf3 22. gxf3 Qxf5 23. Kf1 Qxh3+ 24. Ke2 e4 25. fxe4 Rxe4+ 26. Kd1 Qg4+ 27. Re2
Rae8 28. c3 Qg1+ 29. Kc2 Qg6 30. Rxe4 Rxe4 31. Kd1 Bf4 32. Qd3 Qg1+ 33. Kc2
Qxf2+ 34. Kb1 Re1+ 35. Ka2 Re2 36. Qc4+ Kf8 37. Qxc5+ Re7 38. cxd4 Be3 39. Qc8+
Kf7 40. Qc4+ Kg6 41. d5 Bd4 42. Rb1 Re2 43. Qd3+ Kf7 44. a4 Bxb2 45. b4 Bc1+ 46.
Kb3 Re3 47. Qxe3 Qxe3+ 48. Kc2 Qd2+ 49. Kb3 Qd3+ 0-1

[Event "AUTO-INT-3260"]
[Site "http://www.queenalice.com/game.php?id=1484618"]
[Date "2017.7.2"]
[Round "1"]
[White "MONTENEGRO"]
[Black "Vilnius"]
[Result "0-1"]
[WhiteElo "1546"]
[BlackElo "1612"]

1. e4 e5 2. Nf3 Nc6 3. Bb5 f6 4. Bxc6 dxc6 5. d3 Bc5 6. Nc3 Bg4 7. h3 Be6 8. O-O
a6 9. a3 Qd7 10. b4 Bb6 11. Na4 Nh6 12. Nc5 Bxc5 13. bxc5 g5 14. g4 Nxg4 15.
hxg4 Bxg4 16. Qe2 Bh3 17. Nh2 Bxf1 18. Qxf1 h5 19. Be3 g4 20. Qg2 O-O-O 21. Nf1
h4 22. Nh2 g3 23. fxg3 hxg3 24. Ng4 Qxg4 0-1

[Event "AUTO-INT-3260"]
[Site "http://www.queenalice.com/game.php?id=1484627"]
[Date "2017.7.2"]
[Round "1"]
[White "MONTENEGRO"]
[Black "carpielo"]
[Result "1-0"]
[WhiteElo "1533"]
[BlackElo "1582"]

1. e4 e5 2. Nf3 Bd6 3. Nc3 Nf6 4. d4 Qe7 5. dxe5 Bxe5 6. Bd3 Bxc3+ 7. bxc3 O-O
8. O-O Nxe4 9. Re1 d5 10. a4 Nxc3 11. Bxh7+ Kxh7 12. Qd3+ Ne4 13. Ng5+ Kg8 14.
f3 Nc5 15. Qh7# 1-0

[Event "AUTO-INT-3260"]
[Site "http://www.queenalice.com/game.php?id=1484628"]
[Date "2017.7.2"]
[Round "1"]
[White "carpielo"]
[Black "MONTENEGRO"]
[Result "0-1"]
[WhiteElo "1521"]
[BlackElo "1563"]

1. e4 c5 2. Bc4 Nc6 3. Qf3 e6 4. Nc3 g6 5. Nge2 Bg7 6. O-O Nge7 7. d3 O-O 8. Na4
d6 9. e5 Nxe5 10. Qf4 Nxc4 11. dxc4 Nf5 12. Be3 Be5 13. Qe4 Rb8 14. b3 Bxa1 15.
Rxa1 Nxe3 16. Qxe3 b6 17. Nac3 Bb7 18. Ne4 d5 19. Nf6+ Qxf6 0-1

[Event "AUTO-OPEN-3827"]
[Site "http://www.queenalice.com/game.php?id=1486754"]
[Date "2017.7.20"]
[Round "1"]
[White "worldwide"]
[Black "MONTENEGRO"]
[Result "1-0"]
[WhiteElo "1919"]
[BlackElo "1614"]

1. e4 c5 2. Bc4 e6 3. Nf3 d6 4. O-O Be7 5. Nc3 Nf6 6. d4 a6 7. e5 dxe5 8. dxe5
Qxd1 9. Rxd1 Ng4 10. Ne4 b5 11. Be2 Bb7 12. Nd6+ Bxd6 13. exd6 O-O 14. Bf4 Rd8
15. Ne5 Nxe5 16. Bxe5 f6 17. Bg3 e5 18. a3 Nc6 19. c3 c4 20. a4 bxa4 21. Rxa4
Rd7 22. Bxc4+ Kf8 23. Be6 Rdd8 24. d7 Ne7 25. f4 Ng6 26. Bf2 Nxf4 27. Bc5# 1-0

[Event "AUTO-OPEN-3827"]
[Site "http://www.queenalice.com/game.php?id=1486755"]
[Date "2017.7.20"]
[Round "1"]
[White "MONTENEGRO"]
[Black "worldwide"]
[Result "0-1"]
[WhiteElo "1598"]
[BlackElo "1863"]

1. e4 e5 2. Nf3 d6 3. Bb5+ Bd7 4. Bc4 Nc6 5. d4 Nxd4 6. Nxd4 exd4 7. Qxd4 f6 8.
O-O Ne7 9. Nc3 Nc6 10. Qd5 Ne5 11. f4 Nxc4 12. Qxc4 a6 13. Be3 Qc8 14. Nd5 Kd8
15. Rfe1 Bb5 16. Qc3 Bc6 17. Rad1 Qe6 18. f5 Qxe4 19. Nxc7 Rc8 20. Ne6+ Ke8 21.
Bb6 Qxg2# 0-1

[Event "AUTO-OPEN-3827"]
[Site "http://www.queenalice.com/game.php?id=1486780"]
[Date "2017.7.20"]
[Round "1"]
[White "Rafale2000"]
[Black "MONTENEGRO"]
[Result "1-0"]
[WhiteElo "1973"]
[BlackElo "1636"]

1. d4 d5 2. Nf3 Nc6 3. Bf4 Nf6 4. e3 e6 5. c4 Bb4+ 6. Nbd2 O-O 7. a3 Bxd2+ 8.
Qxd2 Ne4 9. Qc2 Ne7 10. Bd3 c6 11. O-O Nf5 12. Nd2 Nxd2 13. Qxd2 b6 14. cxd5
cxd5 15. Rac1 Bb7 16. Rc7 Nd6 17. Bxd6 Qxd6 18. Rxb7 a6 19. Rc1 b5 20. Rcc7 Rab8
21. Ra7 f5 22. Rxg7+ 1-0

[Event "AUTO-OPEN-3827"]
[Site "http://www.queenalice.com/game.php?id=1486781"]
[Date "2017.7.20"]
[Round "1"]
[White "MONTENEGRO"]
[Black "Rafale2000"]
[Result "0-1"]
[WhiteElo "1674"]
[BlackElo "2033"]

1. e4 Nf6 2. Nc3 d5 3. e5 d4 4. Nb1 Nd5 5. Nf3 Bg4 6. h3 Bxf3 7. Qxf3 e6 8. Bd3
c6 9. c4 Nb4 10. a3 Nxd3+ 11. Qxd3 c5 12. O-O Nc6 13. Qe2 a6 14. d3 b5 15. Nd2
Qc7 16. Nf3 Be7 17. Bd2 O-O 18. Ng5 Qxe5 19. Qxe5 Nxe5 20. cxb5 axb5 21. f4 Bxg5
22. fxg5 Nxd3 23. Rab1 e5 24. Rf3 e4 25. Rf5 e3 26. Be1 Rfe8 27. b4 c4 28. Rxb5
Nxe1 29. Rxe1 d3 30. Rd5 d2 31. Rd1 e2 32. R5xd2 exd1=Q+ 33. Rxd1 Rxa3 34. b5
Rb3 35. Rd5 Rb8 0-1

[Event "AUTO-OPEN-3827"]
[Site "http://www.queenalice.com/game.php?id=1486798"]
[Date "2017.7.20"]
[Round "1"]
[White "MONTENEGRO"]
[Black "erig1969"]
[Result "0-1"]
[WhiteElo "1678"]
[BlackElo "1987"]

1. e4 c5 2. Nf3 e6 3. d4 cxd4 4. Nxd4 Nc6 5. Nxc6 bxc6 6. Bd3 Be7 7. Nc3 a5 8.
O-O d5 9. exd5 cxd5 10. Bf4 Nf6 11. Re1 O-O 12. Be5 Ba6 13. Bxa6 Rxa6 14. Re3
Bd6 15. Bxd6 Qxd6 16. Nb5 Qf4 17. Rf3 Qe5 18. c3 Ne4 19. Re3 Qf6 20. Rf3 Qd8 21.
Nd4 Qb6 22. b3 Ra7 23. a4 Rc7 24. Nb5 Rcc8 25. Re3 Qd8 26. Qc2 Qf6 27. Rf3 Qg5
28. c4 Qe5 29. Re3 Qxa1+ 0-1

[Event "AUTO-OPEN-3827"]
[Site "http://www.queenalice.com/game.php?id=1486799"]
[Date "2017.7.20"]
[Round "1"]
[White "erig1969"]
[Black "MONTENEGRO"]
[Result "1-0"]
[WhiteElo "1991"]
[BlackElo "1632"]

1. d4 Nf6 2. c4 g6 3. Nf3 Bg7 4. Nc3 O-O 5. e4 d6 6. Bg5 h6 7. Bxf6 Bxf6 8. Qd2
Bg7 9. Be2 Nc6 10. d5 Ne5 11. h3 Nxf3+ 12. Bxf3 c6 13. O-O cxd5 14. cxd5 Be5 15.
Qxh6 Bg7 16. Qe3 e6 17. dxe6 Bxe6 18. Rfd1 Be5 19. a3 g5 20. Rab1 Bf4 21. Qe2
Kg7 22. Nd5 Bxd5 23. Rxd5 Rh8 24. Bg4 f6 25. Bf5 a5 26. Qe1 Rh4 27. g3 Bxg3 28.
fxg3 Rxh3 29. Bxh3 Qb6+ 30. Kg2 Rh8 31. Bf5 Qb3 32. Rxd6 Re8 33. Rd7+ Kg8 34.
Qd2 g4 35. Rf1 Kf8 36. Qd6+ 1-0

[Event "AUTO-INT-3265"]
[Site "http://www.queenalice.com/game.php?id=1486838"]
[Date "2017.7.21"]
[Round "1"]
[White "MONTENEGRO"]
[Black "zmanomega"]
[Result "0-1"]
[WhiteElo "1668"]
[BlackElo "1703"]

1. e4 e5 2. Nf3 d6 3. Nc3 Bg4 4. Be2 Bxf3 5. Bxf3 h5 6. d3 Nf6 7. Bg5 Qd7 8.
Bxf6 gxf6 9. Qe2 Na6 10. O-O-O c6 11. Kb1 h4 12. h3 b5 13. Bg4 Qb7 14. a3 b4 15.
axb4 Nxb4 16. d4 exd4 17. Rxd4 Rb8 18. Qc4 c5 19. Rd2 Nd5 20. b3 Nb6 21. Qe2 c4
22. b4 d5 23. exd5+ Kd8 24. Re1 Bd6 25. b5 Bb4 26. Qe3 Na4 27. Nxa4 Bxd2 28.
Qxd2 Qxb5+ 0-1

[Event "AUTO-INT-3265"]
[Site "http://www.queenalice.com/game.php?id=1486839"]
[Date "2017.7.21"]
[Round "1"]
[White "zmanomega"]
[Black "MONTENEGRO"]
[Result "0-1"]
[WhiteElo "1699"]
[BlackElo "1577"]

1. e4 e5 2. f4 Nc6 3. Nf3 d6 4. Bc4 Bg4 5. O-O Nf6 6. d3 Nd4 7. Bxf7+ Kxf7 8.
fxe5 Bxf3 9. Rxf3 Nxf3+ 10. Qxf3 dxe5 11. Nc3 Bc5+ 12. Kh1 Rf8 13. Nd5 c6 14.
Nc3 Kg8 15. Qg3 Nh5 16. Qe1 Qf6 17. Bd2 Ng3+ 18. Qxg3 Qf1+ 0-1

[Event "AUTO-INT-3265"]
[Site "http://www.queenalice.com/game.php?id=1486840"]
[Date "2017.7.21"]
[Round "1"]
[White "MONTENEGRO"]
[Black "saturnin"]
[Result "1-0"]
[WhiteElo "1666"]
[BlackElo "1572"]

1. e4 d6 2. Nf3 e5 3. Bc4 Nf6 4. Nc3 Be7 5. Ng5 O-O 6. O-O h6 7. Nf3 c6 8. d4 b5
9. Be2 b4 10. Nb1 exd4 11. Qxd4 c5 12. Qd3 Ba6 13. Qd2 Nxe4 14. Qe1 c4 15. c3
bxc3 16. Nxc3 Nxc3 17. bxc3 d5 18. Nd4 Bf6 19. Bf3 g5 20. Bg4 Kg7 21. Nf5+ Kg6
22. Qe2 Kh7 23. Bh5 Bxc3 24. Rb1 Nc6 25. Ba3 Re8 26. Qc2 Be5 27. Nd6+ Kg7 28.
Nxe8+ Qxe8 29. Bb2 Nd4 30. Bxd4 Bxd4 31. Rfe1 Qc6 32. Re7 Kg8 33. Bxf7+ Kf8 34.
Rbe1 c3 35. Qf5 Bc8 36. Re8+ Kg7 37. Rg8# 1-0

[Event "AUTO-INT-3265"]
[Site "http://www.queenalice.com/game.php?id=1486841"]
[Date "2017.7.21"]
[Round "1"]
[White "saturnin"]
[Black "MONTENEGRO"]
[Result "0-1"]
[WhiteElo "1566"]
[BlackElo "1653"]

1. b4 e5 2. b5 Nf6 3. c4 Bc5 4. d3 d5 5. a4 O-O 6. g3 dxc4 7. Bg2 c6 8. Nf3 Re8
9. Bb2 Bd6 10. O-O cxd3 11. exd3 Bg4 12. h3 Bf5 13. g4 Be6 14. Nxe5 Bxe5 15.
Bxe5 Bd5 16. bxc6 bxc6 17. g5 Nfd7 18. Qc2 Rxe5 19. d4 Rxg5 20. f3 Qf6 21. Qc3
Qg6 22. Rf2 Nf6 23. Nd2 Nh5 24. Kf1 Nf4 25. Re1 Nd7 26. Ne4 Bxe4 27. Rxe4 Nxg2
28. Rg4 Rxg4 29. fxg4 Nh4 0-1

[Event "AUTO-INT-3265"]
[Site "http://www.queenalice.com/game.php?id=1486842"]
[Date "2017.7.21"]
[Round "1"]
[White "MONTENEGRO"]
[Black "Vilnius"]
[Result "1-0"]
[WhiteElo "1643"]
[BlackElo "1876"]

1. e4 e5 2. Nf3 Nc6 3. Bb5 Bd6 4. Nc3 Nf6 5. Bxc6 dxc6 6. d3 h6 7. O-O Bg4 8. h3
Be6 9. Be3 Qd7 10. Ne2 g5 11. g4 Bxg4 12. hxg4 Qxg4+ 13. Ng3 Nh5 14. Nh2 Qxd1
15. Rfxd1 Nxg3 16. fxg3 Be7 17. Ng4 f6 18. Rf1 O-O-O 19. Nxf6 Rdf8 20. Nh5 Rxf1+
21. Rxf1 Rf8 22. Rxf8+ Bxf8 23. g4 b6 24. c4 Kb7 25. a3 a6 26. b4 a5 27. bxa5
Bxa3 28. axb6 cxb6 29. Kf1 Bf8 30. Ke2 Kc7 31. Kd2 Be7 32. Kc3 c5 33. Kb3 Kb7
34. Ka4 Ka6 35. Ng3 Bd8 36. Nf5 Bf6 37. Nxh6 Be7 38. Nf7 Bf6 39. Bxg5 Bg7 40.
Bd8 Bf8 41. Nxe5 Kb7 42. g5 Bg7 43. Bf6 Bf8 44. g6 1-0

[Event "AUTO-INT-3265"]
[Site "http://www.queenalice.com/game.php?id=1486843"]
[Date "2017.7.21"]
[Round "1"]
[White "Vilnius"]
[Black "MONTENEGRO"]
[Result "1-0"]
[WhiteElo "1869"]
[BlackElo "1650"]

1. d4 d5 2. Nc3 Nf6 3. g3 Nc6 4. Bg2 e6 5. Bf4 Bb4 6. a3 Bxc3+ 7. bxc3 O-O 8.
Bg5 Qd7 9. Bxf6 gxf6 10. e4 b6 11. Bh3 Qe7 12. Qe2 a5 13. exd5 exd5 14. Qxe7
Nxe7 15. Bg2 Bf5 16. Rc1 c5 17. Ne2 Rac8 18. dxc5 bxc5 19. O-O Rb8 20. Nf4 Rb2
21. Nxd5 Nxd5 22. Bxd5 Bh3 23. Rfe1 Rd8 24. Red1 Kg7 25. Bb3 Rxd1+ 26. Rxd1 Bg4
27. Re1 Bh3 28. f3 Be6 29. Bxe6 fxe6 30. Rxe6 Rxc2 31. Re3 c4 32. h4 Ra2 33. Re4
Rxa3 34. Rxc4 Ra1+ 35. Kf2 a4 36. Ke3 a3 37. Ra4 a2 38. Kf4 h6 39. c4 Kf7 40. c5
Ke7 41. c6 Kd6 42. Ra6 Kc7 43. Kf5 Rc1 44. Rxa2 Rxc6 45. Ra7+ Kb6 46. Rf7 Kc5
47. Rxf6 1-0

[Event "Let's Play Chess!"]
[Site "http://www.queenalice.com/game.php?id=1488855"]
[Date "2017.8.4"]
[Round "-"]
[White "adrcrr"]
[Black "MONTENEGRO"]
[Result "0-1"]
[WhiteElo "1441"]
[BlackElo "1551"]

1. a4 e5 2. e4 Nf6 3. Nh3 Be7 4. Bc4 O-O 5. d3 c6 6. Qf3 d5 7. exd5 cxd5 8. Bb3
Nc6 9. O-O Nd4 10. Qg3 Nxb3 11. cxb3 Bxh3 12. Qxh3 Qb6 13. a5 Qxb3 14. f4 exf4
15. Rxf4 Qc2 16. Bd2 g6 17. Rh4 Nh5 18. Rxh5 Qd1+ 19. Kf2 Qxh5 20. Qe3 Rac8 21.
Ra4 d4 22. Qxe7 Rce8 23. Qxb7 Qe2+ 24. Kg3 Qxd3+ 25. Kf4 g5+ 26. Kxg5 Re5+ 27.
Kf6 Qf5# 0-1